[Event "Barcelona Ciutat op-B"]
[Site "Barcelona"]
[Date "2021.08.26"]
[Round "9"]
[White "Costa Trave, Jaume"]
[Black "Pujante Martinez, Rafael"]
[Result "0-1"]
[WhiteElo "1710"]
[BlackElo "1889"]
[PlyCount "114"]
[EventDate "2021.08.18"]
[EventType "swiss"]
[EventRounds "9"]
[EventCountry "ESP"]
[SourceTitle "EXT 2022"]
[Source "ChessBase"]
[SourceDate "2021.10.06"]
[SourceVersion "1"]
[SourceVersionDate "2021.10.06"]
[SourceQuality "1"]

1. f4 d5 2. Nf3 Bg4 3. e3 Nd7 4. d4 Ngf6 5. Bd3 e6 6. 0-0 Bd6 7. Qe1 Bxf3 8. Rxf3 Ne4 9. Nd2 f5 10. Rh3 Nxd2 11. Bxd2 Nf6 12. c4 Ne4 13. c5 Be7 14. b4 Nxd2 15. Qxd2 g5 16. fxg5 Bxg5 17. Qe2 Qf6 18. Rf1 Qg6 19. a4 h5 20. b5 h4 21. Qc2 Rg8 22. a5 Bf6 23. Rf2 Qg4 24. Rhf3 Qh5 25. a6 bxa6 26. b6 c6 27. b7 Rb8 28. Bxa6 Qf7 29. h3 Qc7 30. Qa2 Bd8 31. Qa4 Kd7 32. Qa2 Qa5 33. Qe2 Bc7 34. Qf1 Rg5 35. Rb2 Rbg8 36. Qc1 Bb8 37. Bf1 Qc7 38. Rf4 Qa5 39. Rxh4 R5g7 40. Qd2 Qa1 41. Rh6 a5 42. Ra2 Qb1 43. Rb2 Qa1 44. Qe2 Qc1 45. h4 Rxg2+ 46. Qxg2 Rxg2+ 47. Kxg2 Qxb2+ 48. Kf3 Qh2 49. Rh7+ Ke8 50. Bb5 cxb5 51. c6 Qd6 52. h5 Kf8 53. h6 Kg8 54. Rd7 Qg3+ 55. Ke2 a4 56. Rg7+ Qxg7 57. hxg7 a3 0-1

[Event "Madrid-ch Previa-A"]
[Site "Madrid"]
[Date "2021.02.24"]
[Round "9"]
[White "Torres Rebolledo, Alvaro"]
[Black "Pujante Martinez, Rafael"]
[Result "0-1"]
[WhiteElo "1251"]
[BlackElo "1911"]
[PlyCount "64"]
[EventDate "2021.02.08"]
[EventType "swiss"]
[EventRounds "9"]
[EventCountry "ESP"]
[SourceTitle "EXT 2022"]
[Source "ChessBase"]
[SourceDate "2021.10.06"]
[SourceVersion "1"]
[SourceVersionDate "2021.10.06"]
[SourceQuality "1"]

1. e4 e6 2. d4 d5 3. e5 c5 4. c3 Nc6 5. Nf3 Qb6 6. a3 cxd4 7. cxd4 Nge7 8. b4 Bd7 9. Bb2 Rc8 10. Nc3 Nf5 11. Na4 Qd8 12. Bd3 a5 13. Bxf5 exf5 14. b5 Ne7 15. b6 Nc6 16. 0-0 g5 17. Nc5 g4 18. Ne1 Qxb6 19. Nxd7 Kxd7 20. Qd3 Qxb2 21. Rb1 Qxd4 22. Qxf5+ Kc7 23. Qxf7+ Be7 24. Rc1 Qxe5 25. Nd3 Qd6 26. Rfe1 Rce8 27. Re6 Rhf8 28. Rxd6 Rxf7 29. Rxd5 Bxa3 30. Rc3 Bb4 31. Rc1 Rd7 32. Rxd7+ Kxd7 0-1

[Event "Madrid-ch Previa-A"]
[Site "Madrid"]
[Date "2021.02.10"]
[Round "3"]
[White "Pujante Martinez, Rafael"]
[Black "Diaz Roncero Gonzalez, Daniel"]
[Result "0-1"]
[WhiteElo "1911"]
[BlackElo "1552"]
[PlyCount "70"]
[EventDate "2021.02.08"]
[EventType "swiss"]
[EventRounds "9"]
[EventCountry "ESP"]
[SourceTitle "EXT 2022"]
[Source "ChessBase"]
[SourceDate "2021.10.06"]
[SourceVersion "1"]
[SourceVersionDate "2021.10.06"]
[SourceQuality "1"]

1. e4 c5 2. Nc3 d6 3. Nge2 Nf6 4. d4 cxd4 5. Nxd4 a6 6. g3 e5 7. Nb3 b5 8. Bg2 Bb7 9. Bg5 Nbd7 10. h3 Be7 11. Qd2 Nxe4 12. Nxe4 Bxg5 13. Qxd6 Be7 14. Qd2 Nb6 15. Qe2 Qc7 16. 0-0 0-0 17. Na5 Bd5 18. Rfd1 Rad8 19. c3 f5 20. Nd2 Na4 21. Ndb3 e4 22. Rac1 Nc5 23. Nxc5 Bxc5 24. Nb3 Bxb3 25. axb3 Qxg3 26. c4 Rxd1+ 27. Rxd1 Qxb3 28. cxb5 axb5 29. Rc1 Bd4 30. Rc2 Ra8 31. Qd1 Rd8 32. Qc1 Qe6 33. Rc6 Qe8 34. Qc2 Kh8 35. Qb3 Qxc6 0-1

[Event "ESP-ch U18"]
[Site "Salobrena"]
[Date "2020.08.19"]
[Round "5"]
[White "Pujante Martinez, Rafael"]
[Black "Aledo Yanguas, David"]
[Result "0-1"]
[WhiteElo "1916"]
[BlackElo "2060"]
[PlyCount "131"]
[EventDate "2020.08.17"]
[EventType "swiss"]
[EventRounds "9"]
[EventCountry "ESP"]
[SourceTitle "CBM 197 Extra"]
[Source "ChessBase"]
[SourceDate "2020.09.30"]
[SourceVersion "1"]
[SourceVersionDate "2020.09.30"]
[SourceQuality "1"]

1. e4 e5 2. Nf3 Nc6 3. Nc3 Bc5 4. Nxe5 Bxf2+ 5. Kxf2 Nxe5 6. d4 Ng6 7. Bc4 d6 8. Rf1 Be6 9. Bxe6 fxe6 10. Qg4 Qe7 11. Bg5 Nf6 12. Qg3 Qd7 13. Kg1 Ng8 14. Rf2 h6 15. Be3 N8e7 16. Raf1 0-0-0 17. Rf7 Rdg8 18. h4 b5 19. h5 Nf8 20. b4 Kb7 21. Rxg7 Nf5 22. Rxd7 Nxg3 23. Rxf8 Rxf8 24. Rg7 Nxh5 25. Rg6 Rf6 26. Rg4 a6 27. Rh4 Ng7 28. Rg4 Ne8 29. e5 Rf7 30. Rg6 Ng7 31. g4 h5 32. Bh6 Ne8 33. gxh5 Rfh7 34. Bf4 Rxh5 35. Rxe6 Rf5 36. Ne2 dxe5 37. dxe5 Ng7 38. Rg6 Nh5 39. Be3 Re8 40. Bd4 Nf4 41. Nxf4 Rxf4 42. c3 Rff8 43. Kh2 Rh8+ 44. Kg3 Rhg8 45. Rxg8 Rxg8+ 46. Kf4 Rf8+ 47. Ke4 Kc6 48. e6 Rf1 49. Bc5 a5 50. a3 a4 51. Ke5 Rf3 52. Kd4 Rf1 53. Ke5 Re1+ 54. Kf6 Kd5 55. e7 Kc6 56. Kf5 Kd7 57. Kf6 Ra1 58. Kf7 Rf1+ 59. Kg6 Ke8 60. Kg5 Rf3 61. Bd4 Kxe7 62. Kg4 Rf1 63. Kg3 Ke6 64. Kg2 Rf7 65. Bf2 Kd5 66. Bg3 0-1

[Event "ESP-ch U18"]
[Site "Salobrena"]
[Date "2020.08.17"]
[Round "2"]
[White "Moncunill Calvet, Pol"]
[Black "Pujante Martinez, Rafael"]
[Result "0-1"]
[WhiteElo "1654"]
[BlackElo "1916"]
[PlyCount "86"]
[EventDate "2020.08.17"]
[EventType "swiss"]
[EventRounds "9"]
[EventCountry "ESP"]
[SourceTitle "CBM 197 Extra"]
[Source "ChessBase"]
[SourceDate "2020.09.30"]
[SourceVersion "1"]
[SourceVersionDate "2020.09.30"]
[SourceQuality "1"]

1. d4 d6 2. Bf4 g6 3. e3 Bg7 4. Nf3 Nd7 5. h3 e5 6. Bh2 Ne7 7. Be2 0-0 8. 0-0 Nc6 9. d5 Ne7 10. c4 a5 11. Nc3 Nc5 12. Rc1 Bd7 13. Nd2 f5 14. Nb3 Nxb3 15. Qxb3 b6 16. e4 fxe4 17. Nxe4 Bh6 18. Rc3 Nf5 19. Rf3 Qh4 20. Ng3 Nd4 21. Rxf8+ Rxf8 22. Qd3 Rf4 23. b3 Rf8 24. Bd1 Qg5 25. Kh1 Qe7 26. Ne2 Nf5 27. Ng3 Qh4 28. Nxf5 Bxf5 29. Qe2 Qd4 30. Bc2 Bd7 31. Bg3 a4 32. b4 Qb2 33. Bd3 Qxb4 34. Rb1 Qc5 35. Bc2 Bf4 36. Kh2 Bxg3+ 37. fxg3 Rf2 38. Qe4 Bf5 39. Qh4 Bxc2 40. Qd8+ Rf8 41. Qe7 Bxb1 42. Qe6+ Kg7 43. h4 Qf2 0-1

[Event "Almansa op-B 14th"]
[Site "Almansa"]
[Date "2019.08.08"]
[Round "3"]
[White "Pujante Martinez, Rafael"]
[Black "Moya Albaladejo, Jose Antonio"]
[Result "0-1"]
[WhiteElo "1846"]
[BlackElo "1921"]
[PlyCount "54"]
[EventDate "2019.08.07"]
[EventType "swiss"]
[EventRounds "7"]
[EventCountry "ESP"]
[SourceTitle "EXT 2022"]
[Source "ChessBase"]
[SourceDate "2021.10.06"]
[SourceVersion "1"]
[SourceVersionDate "2021.10.06"]
[SourceQuality "1"]

1. e4 e5 2. Nf3 Nc6 3. d4 exd4 4. Nxd4 Bc5 5. Nf5 d5 6. Nxg7+ Kf8 7. Nh5 Qh4 8. Ng3 Nf6 9. exd5 Bg4 10. Be2 Bxe2 11. Qxe2 Re8 12. Qxe8+ Nxe8 13. dxc6 Qe7+ 14. Ne2 bxc6 15. Bh6+ Kg8 16. h4 Qf6 17. Bd2 Qxf2+ 18. Kd1 Nd6 19. Nf4 Ne4 20. Nd3 Qxg2 21. Re1 Qf3+ 22. Kc1 Be7 23. Ne5 Qf5 24. Nxc6 Bxh4 25. Nd4 Qg6 26. Rh1 Bf2 27. Nf3 Qg2 0-1

[Event "ESP-ch U18"]
[Site "Salobrena"]
[Date "2019.07.25"]
[Round "6"]
[White "Dan, Teodor"]
[Black "Pujante Martinez, Rafael"]
[Result "1-0"]
[WhiteElo "2109"]
[BlackElo "1813"]
[PlyCount "63"]
[EventDate "2019.07.22"]
[EventType "swiss"]
[EventRounds "9"]
[EventCountry "ESP"]
[SourceTitle "CBM 191 Extra"]
[Source "ChessBase"]
[SourceDate "2019.09.30"]
[SourceVersion "1"]
[SourceVersionDate "2019.09.30"]
[SourceQuality "1"]

1. d4 e6 2. c4 Bb4+ 3. Bd2 Bxd2+ 4. Qxd2 d5 5. Nc3 Nf6 6. Nf3 b6 7. cxd5 Nxd5 8. e4 Nf6 9. Bb5+ c6 10. Bc4 Ba6 11. Bxa6 Nxa6 12. e5 Nd5 13. Ne4 0-0 14. 0-0 Ne7 15. a3 Kh8 16. Neg5 Ng6 17. Qd3 Nc7 18. h4 Nd5 19. g3 h6 20. h5 hxg5 21. hxg6 f5 22. exf6 gxf6 23. Kg2 Kg7 24. Rh1 Rh8 25. Rxh8 Qxh8 26. Rh1 Qe8 27. Rh7+ Kg8 28. g7 g4 29. Nd2 Kf7 30. Rh8 Qe7 31. Rxa8 Kxg7 32. Qa6 1-0

[Event "ESP-ch U18"]
[Site "Salobrena"]
[Date "2019.07.24"]
[Round "5"]
[White "Pujante Martinez, Rafael"]
[Black "Sempere Domenech, Abel"]
[Result "1/2-1/2"]
[WhiteElo "1813"]
[BlackElo "1979"]
[PlyCount "62"]
[EventDate "2019.07.22"]
[EventType "swiss"]
[EventRounds "9"]
[EventCountry "ESP"]
[SourceTitle "CBM 191 Extra"]
[Source "ChessBase"]
[SourceDate "2019.09.30"]
[SourceVersion "1"]
[SourceVersionDate "2019.09.30"]
[SourceQuality "1"]

1. e4 e6 2. d4 d5 3. Nd2 dxe4 4. Nxe4 Nf6 5. Bd3 Nbd7 6. Nf3 Be7 7. 0-0 0-0 8. c3 b6 9. Qc2 Bb7 10. Nxf6+ Nxf6 11. Ng5 h6 12. Ne4 Nxe4 13. Bxe4 Bxe4 14. Qxe4 Bd6 15. f4 c5 16. Be3 Qc7 17. dxc5 Bxc5 18. Rfd1 Bxe3+ 19. Qxe3 Rfd8 20. g3 Rxd1+ 21. Rxd1 Rd8 22. Rxd8+ Qxd8 23. Kf2 Qd7 24. Qe2 Qd8 25. Qc2 Qc7 26. Qd3 Kf8 27. Qd4 Kg8 28. Qd2 Qc5+ 29. Ke2 Qh5+ 30. Ke3 Qc5+ 31. Qd4 Qc7 1/2-1/2

[Event "ESP-ch U18"]
[Site "Salobrena"]
[Date "2019.07.23"]
[Round "3"]
[White "Pujante Martinez, Rafael"]
[Black "Gomez Fernandez, Pedro Javier"]
[Result "0-1"]
[WhiteElo "1813"]
[BlackElo "1989"]
[PlyCount "46"]
[EventDate "2019.07.22"]
[EventType "swiss"]
[EventRounds "9"]
[EventCountry "ESP"]
[SourceTitle "CBM 191 Extra"]
[Source "ChessBase"]
[SourceDate "2019.09.30"]
[SourceVersion "1"]
[SourceVersionDate "2019.09.30"]
[SourceQuality "1"]

1. e4 e6 2. d4 d5 3. Nd2 Nc6 4. c3 e5 5. exd5 Qxd5 6. dxe5 Nxe5 7. Ndf3 Qxd1+ 8. Kxd1 Bg4 9. Be2 0-0-0+ 10. Kc2 Bf5+ 11. Kb3 Nc6 12. Bb5 Nge7 13. Be3 Rd5 14. a4 Na5+ 15. Ka2 Be6 16. c4 Rd8 17. Bxa7 Nec6 18. Bxc6 Nxc6 19. b3 Nxa7 20. Ne2 Bc5 21. Nc3 Nc6 22. Ne4 Be7 23. Rad1 Bg4 0-1

[Event "Tabiya Alcoy U2200 op-B 8th"]
[Site "Alcoy"]
[Date "2019.07.14"]
[Round "6"]
[White "Masague Artero, Guerau"]
[Black "Pujante Martinez, Rafael"]
[Result "1-0"]
[WhiteElo "2179"]
[BlackElo "1813"]
[PlyCount "77"]
[EventDate "2019.07.12"]
[EventType "swiss"]
[EventRounds "7"]
[EventCountry "ESP"]
[SourceTitle "EXT 2021"]
[Source "ChessBase"]
[SourceDate "2020.10.23"]
[SourceVersion "1"]
[SourceVersionDate "2020.10.23"]
[SourceQuality "1"]

1. d4 e6 2. Nf3 c5 3. e3 d5 4. c4 cxd4 5. exd4 dxc4 6. Bxc4 Nf6 7. 0-0 Be7 8. Nc3 Nd5 9. Re1 0-0 10. Bd3 Nc6 11. a3 a6 12. Bc2 b5 13. Nxd5 exd5 14. Bxh7+ Kxh7 15. Qc2+ Kg8 16. Qxc6 Bg4 17. Ne5 Qa5 18. Be3 Be6 19. Ng6 Ra7 20. Nxf8 Rc7 21. Qe8 Bxf8 22. Rec1 Bd7 23. Qe5 Rxc1+ 24. Rxc1 b4 25. Bd2 Qb5 26. axb4 Bxb4 27. Bxb4 Qxb4 28. h3 Qxb2 29. Rc7 Qb5 30. Rc5 Qb1+ 31. Kh2 Be6 32. Rc3 a5 33. Rg3 g6 34. h4 a4 35. h5 Qc1 36. f4 a3 37. hxg6 a2 38. gxf7+ Kxf7 39. Rg7+ 1-0

[Event "Salou op U2200 1st"]
[Site "Salou"]
[Date "2016.04.29"]
[Round "1"]
[White "Pujante Martinez, Rafael"]
[Black "Delgado Montanes, Jose Antonio"]
[Result "0-1"]
[WhiteElo "1686"]
[BlackElo "2067"]
[PlyCount "62"]
[EventDate "2016.04.29"]
[EventType "swiss"]
[EventRounds "6"]
[EventCountry "ESP"]
[SourceTitle "CBM 172 Extra"]
[Source "ChessBase"]
[SourceDate "2016.06.21"]
[SourceVersion "1"]
[SourceVersionDate "2016.06.21"]
[SourceQuality "1"]

1. e4 c6 2. Nc3 d5 3. Nf3 Bg4 4. h3 Bh5 5. g4 Bg6 6. exd5 cxd5 7. Bb5+ Nc6 8. Ne5 Rc8 9. Qf3 e6 10. d3 Bb4 11. Bd2 Nge7 12. h4 f6 13. Nxg6 hxg6 14. 0-0-0 Kf7 15. h5 gxh5 16. gxh5 Nd4 17. Qg4 Bxc3 18. Be8+ Qxe8 19. Bxc3 Ndf5 20. Rde1 Qc6 21. Re2 d4 22. Rhe1 dxc3 23. b3 e5 24. f4 Qc5 25. fxe5 Qa3+ 26. Kd1 Qxa2 27. Rf2 Qb1+ 28. Ke2 Qxc2+ 29. Kf1 Qxd3+ 30. Kg1 Qg3+ 31. Qxg3 Nxg3 0-1

[Event "San Pedro del Pinatar op 6th"]
[Site "San Pedro del Pinatar"]
[Date "2015.02.01"]
[Round "6"]
[White "Pujante Martinez, Rafael"]
[Black "Sabater Sanchez, Asensio"]
[Result "0-1"]
[WhiteElo "1619"]
[BlackElo "2117"]
[PlyCount "42"]
[EventDate "2015.01.30"]
[EventType "swiss"]
[EventRounds "7"]
[EventCountry "ESP"]
[SourceTitle "CBM 164 Extra"]
[Source "ChessBase"]
[SourceDate "2015.03.02"]
[SourceVersion "1"]
[SourceVersionDate "2015.03.02"]
[SourceQuality "1"]

1. e4 c5 2. Nc3 e6 3. Nf3 a6 4. d4 cxd4 5. Nxd4 d6 6. Be3 Nf6 7. f3 b5 8. a3 Bb7 9. Qd2 Nbd7 10. Be2 Be7 11. g4 Nb6 12. b3 Rc8 13. h4 Qc7 14. Na2 d5 15. exd5 Nbxd5 16. b4 Nxg4 17. Bf2 Nxf2 18. Kxf2 Bf6 19. Rae1 Qb6 20. Rd1 e5 21. Rhe1 0-0 0-1

[Event "San Pedro del Pinatar op 6th"]
[Site "San Pedro del Pinatar"]
[Date "2015.01.30"]
[Round "1"]
[White "Grigoriev, Ivan"]
[Black "Pujante Martinez, Rafael"]
[Result "0-1"]
[WhiteElo "2161"]
[BlackElo "1619"]
[PlyCount "59"]
[EventDate "2015.01.30"]
[EventType "swiss"]
[EventRounds "7"]
[EventCountry "ESP"]
[SourceTitle "CBM 164 Extra"]
[Source "ChessBase"]
[SourceDate "2015.03.02"]
[SourceVersion "1"]
[SourceVersionDate "2015.03.02"]
[SourceQuality "1"]

1. c4 Nf6 2. g3 g6 3. Bg2 Bg7 4. Nc3 d6 5. Nf3 0-0 6. 0-0 Nbd7 7. d4 e5 8. h3 exd4 9. Nxd4 Ne5 10. b3 Rb8 11. Bb2 Bd7 12. Qd2 a6 13. Rac1 Qe8 14. Nd5 Nxd5 15. cxd5 Rc8 16. Qb4 b5 17. Kh2 f5 18. Qa5 c5 19. Ne6 Bxe6 20. dxe6 Qxe6 21. Qxa6 Ng4+ 22. hxg4 Bxb2 23. Rc2 Be5 24. Rd2 Qd7 25. f4 Bd4 26. e3 Bxe3 27. Rxd6 Qf7 28. gxf5 Qxf5 29. Qxb5 Rce8 30. Rd7 0-1